Statistiques concernant Mots français d'origine arabe

Cliquez ici pour prendre le quiz!

Statistiques générales

  • Ce quiz a été pris 7 976 fois
    (7 907 depuis la dernière actualisation)
  • Le résultat moyen est 20 sur 30

Statistiques - réponses

DéfinitionLettreMot% Correct
Religion monothéiste fondée par MahometIIslam
99%
Grand mammifère d'Afrique se distinguant par son long couGGirafe
94%
Instrument permettant de jouer au tennis ou de marcher dans la neigeRRaquette
92%
Cadavre préservé de la putréfaction, notamment en ÉgypteMMomie
91%
Montagne émettant - ou ayant émis - de la matière en fusionVVolcan
91%
On la retrouve en Écosse sous forme de kiltsJJupe
89%
Expédition touristique visant à photographier des animaux sauvagesSSafari
88%
Administration chargée du contrôle des frontièresDDouane
86%
Fruit, également appelé « melon d'eau » au QuébecPPastèque
85%
Personne qui commet un meurtre avec préméditationAAssassin
83%
Point de départ dans une échelle graduée ou dans une série numérotéeZZéro
82%
Boisson récréative contenant de l'éthanolAAlcool
81%
Il n'est pas très riche en fer, n'en déplaise à PopeyeEEpinard
80%
Il intervient dans la composition des revêtements bitumineux et des cigarettesGGoudron
76%
Petit récipient muni d’une anse, souvent utilisé pour les boissons chaudesTTasse
75%
Boutique, lieu de vente de produits ou de denréesMMagasin
74%
Ensemble de femmes entourant un sultan ou un pachaHHarem
68%
Espèce de reptile que l'on peut notamment rencontrer sur l'île de KomodoVVaran
66%
Sofa sans dossier et garni de coussins, indissociable du psychanalysteDDivan
64%
Liquide épais, souvent aromatisé, appelé à être dilué pour créer une boissonSSirop
63%
Évènement fortuit, n'étant lié à aucune cause prévisibleHHasard
60%
Unité de mesure de masse qui correspond à 100 kilogrammesQQuintal
54%
Artiste présentant des numéros d'insensibilité à la douleur ou d'hypnoseFFakir
53%
Coton préparé pour les pansements et la toiletteOOuate
37%
Poudre cosmétique utilisée pour maquiller les yeuxKKhôl
35%
Attaque ou invasion dont l'objectif principal est le pillage de ressourcesRRazzia
31%
Liqueur réputée pour ses vertus magiquesEElixir
30%
Soldat algérien d'un corps d'infanterie coloniale, entre 1830 et 1962ZZouave
30%
Révolte populaire contre un régime oppresseur ou un ennemi étrangerIIntifada
21%
D’une couleur rouge foncé, tirant sur le violetCCramoisi
18%

Distribution des résultats

Percentile par nombre de réponses

% des personnes avec chaque résultat

Votre développement - résultats

Vous n’avez pas pris ce quiz depuis la dernière actualisation